| 000 | 01620nam a2200253 i 4500 | ||
|---|---|---|---|
| 001 | 18341 | ||
| 003 | DO-SdUEMH | ||
| 005 | 20260114205427.0 | ||
| 007 | ta | ||
| 008 | 260114s2005 dr a|||g |||| 00| 0 spa d | ||
| 040 |
_aDO-SdUEMH _bspa _erda |
||
| 041 | _aspa | ||
| 082 | 1 | 4 |
_mRD _bA696 |
| 100 | 1 | _eaut | |
| 245 |
_aDerecho Internacional Público Contemporáneo / _cLuis Arias Núñez |
||
| 264 | 1 |
_aSanto Domingo, República Dominicana : _bCentenario, S. A. _c2005 |
|
| 264 | 4 | _c©2005 | |
| 300 |
_avii, 869 páginas : _c24 cm. |
||
| 336 |
_2rdacontent _atexto _btxt |
||
| 337 |
_2rdamedia _asin mediación _bn |
||
| 338 |
_2rdacarrier _avolumen _bnc |
||
| 505 | 2 | _aCapítulo I: Conceptos Fundamentales del Derecho Internacional Público -- Capítulo II: Los Períodos Históricos del Derecho Internacional Público -- Capítulo III: Los Principios Básicos del Derecho Internacional Contemporáneo -- Capítulo IV: Derecho Internacional y Derecho Interno -- Capítulo V: Los Sujetos de DIP -- Capítulo VI: El Reconocimiento Jurídico-Internacional -- Capítulo VII: Las Fuentes del DIP -- Capítulo VIII: Derecho de los Tratados -- Capítulo IX: Sucesión de Estados -- Capítulo X: Las Organizaciones Internacionales -- Capítulo XI: El Territorio del Estado -- Capítulo XII: La Población y el Derecho Internacional -- Capítulo XIII: La Protección Internacional de los Derechos Humanos -- Capítulo XIV: La Extradición -- Capítulo XV: Derecho Diplomático y Consular -- Capítulo XVI: Arreglo Pacífico de los Diferendos Internacionales -- Capítulo XVII: Responsabilidad Internacional. | |
| 942 |
_2ddc _cBK _n0 |
||
| 999 |
_c18341 _d18341 |
||